|
|
|
|
| LEADER |
00000nam a22000007a 4500 |
| 005 |
20160901141148.0 |
| 007 |
cr|||| |||| |
| 008 |
160901s2011 sp |||||s|||| 00||0 spa d |
| 035 |
|
|
|a 13086
|
| 040 |
|
|
|a vLex
|
| 090 |
|
|
|c 6232
|d 6232
|
| 100 |
1 |
0 |
|a Tannus Neto, Jos ̌Jorge
|
| 245 |
1 |
0 |
|a Juros compostos.
|h [Recurso electrn̤ico] :
|b A institucionalizaȯ̂ do lucro excessivo /
|c Jos ̌Jorge Tannus Neto
|
| 256 |
|
|
|a Servicio en ln̕ea
|
| 260 |
|
|
|a Brasil
|b Pillares,
|c 2011
|
| 300 |
|
|
|a 1 recurso electrn̤ico (1® ediȯ̂ 2011 160 pg̀s)
|
| 506 |
1 |
|
|a Contenido solo disponible en los productos indicados
|d vLex Global
|d vLex Global (Academic Edition, excluding Law Schools)
|d vLex Global (U.S. Academic Edition, Law Schools)
|d vLex Global (U.S. Academic Edition, excluding Law Schools)
|d vLex Global (Academic Edition, Law Schools)
|
| 650 |
0 |
4 |
|a Derecho
|z Brasil
|
| 740 |
0 |
|
|a vLex libros (servicio en ln̕ea)
|
| 856 |
4 |
0 |
|u http://vlex.com/source/juros-compostos-13086
|z Acceso restringido
|
| 942 |
|
|
|c BOOK
|
| 999 |
0 |
|
|a Law
|